| 000 | 00362cam a22001337a 4500 | ||
|---|---|---|---|
| 008 | 180718b1967 xxu||||| |||| 00| 0 eng d | ||
| 082 | _aJ7 El24 | ||
| 245 |
_aTaming megaloplis _cedited by H. Wentworth Elderdge |
||
| 260 |
_aNew York _bPraeger _c1967 |
||
| 300 | _a2v. | ||
| 650 | _aCities and towns | ||
| 650 | _aCity planning | ||
| 700 | _aEldredge, H. Wentworth | ||
| 999 |
_c364896 _d364896 |
||